000 00464nam a2200181Ia 4500
008 090124s9999 xx 000 0 und d
082 _b106356
100 _aतांबे जे. एल्.
245 _a अभागी
250 _a1
260 _c1957
300 _a94
600 _aतांबे जे. एल्.
630 _a अभागी
700 _aतांबे जे. एल्.
730 _a अभागी
942 _cBOOK
999 _c152447
_d152447